LEADER 01139nam2-2200361---450- 001 990006191340203316 005 20170130091908.0 035 $a000619134 035 $aUSA01000619134 035 $a(ALEPH)000619134USA01 035 $a000619134 100 $a20160513d1989----km-y0itay50------ba 101 $apor 102 $aBR 105 $a||||||||001yy 200 1 $aAssis Chateaubriand por ele mesmo$fAdemar Vidal$gapresentação de Theófilo de Andrade 210 $aRio de Janeiro$cAcademia Brasileira de Letras$d1989 215 $a207 p., [8] c. di tav.$d19 cm 225 2 $aColeçáo Afrânio Peixoto$v12 410 0$1001000615744$aColeçáo Afrânio Peixoto$v, 12 606 $aMelo, Francisco de Assis Chateaubriand de 676 $a929 700 $aVIDAL,$bAdemar$0718934 702 $aANDRADE,$bTheófilo de 801 0$aIT$bsalbc$gISBD 912 $a990006191340203316 951 $aVI.7. COLL.27/22$bISLA 959 $aBK 969 $aUMA 979 $aMARANO$b90$c20170130$lUSA01$h0915 979 $aMARANO$b90$c20170130$lUSA01$h0919 996 $aAssis Chateaubriand por ele mesmo$91395334 997 $aUNISA LEADER 01895oam 2200421I 450 001 9910706954503321 005 20180413120657.0 035 $a(CKB)5470000002459932 035 $a(OCoLC)1031219836 035 $a(EXLCZ)995470000002459932 100 $a20180413d2014 ua 0 101 0 $aeng 135 $aur||||||||||| 181 $ctxt$2rdacontent 182 $cc$2rdamedia 183 $acr$2rdacarrier 200 10$aGeophysical investigations and archeological monitoring of the underground electric line installation project area at the Fort Larned National Historic Site, 14PA305, Pawnee County, Kansas /$fby Steven L. De Vore and Melissa A. Baier 210 1$aLincoln, Nebraska :$cUnited States Department of the Interior, National Park Service, Midwest Archeological Center,$d2014. 215 $a1 online resource (82 unnumbered pages) $ccolor illustrations, maps 225 1 $aMidwest Archeological Center technical report ;$vno. 136 300 $aIncludes tables. 320 $aIncludes bibliographical references (pages 29-41). 606 $aGeophysical surveys$zKansas$zLarned 606 $aIndians of North America$zKansas$zLarned$xAntiquities 606 $aExcavations (Archaeology)$zKansas$zLarned 607 $aFort Larned National Historic Site (Larned, Kan.)$xAntiquities 615 0$aGeophysical surveys 615 0$aIndians of North America$xAntiquities. 615 0$aExcavations (Archaeology) 700 $aDe Vore$b Steven Leroy$01404294 702 $aBaier$b Melissa A. 712 02$aMidwest Archeological Center (U.S.), 801 0$bGPO 801 1$bGPO 906 $aBOOK 912 $a9910706954503321 996 $aGeophysical investigations and archeological monitoring of the underground electric line installation project area at the Fort Larned National Historic Site, 14PA305, Pawnee County, Kansas$93504793 997 $aUNINA